Euroval - pre a proti Európskeho stabilizačného mechanizmu

Problematika dočasného eurovalu i trvalého eurovalu II, ako aj ich opodstatnenosť, ich vývoj a fungovanie, ale aj ich vnímanie európskou 27-čkou. Záchranný systém eurozóny a jeho hlavné zložky. Schéma fungovania eurovalu. Permanentný Európsky stabilizačný mechanizmus (Euroval II). Euroval II a Slove...

Description complète

Enregistré dans:
Détails bibliographiques
Auteur principal: Danišová, Soňa, 1981-
Format: Chapitre de livre
Langue:slovaque
Sujets:
Tags: Ajouter un tag
Pas de tags, Soyez le premier à ajouter un tag!

MARC

LEADER 00000nla$a2200000$$$4500
001 0147183
005 20240502072646.7
041 0 |a slo 
044 |a SK 
245 1 0 |a Euroval - pre a proti Európskeho stabilizačného mechanizmu  |c Soňa Danišová 
520 |a Problematika dočasného eurovalu i trvalého eurovalu II, ako aj ich opodstatnenosť, ich vývoj a fungovanie, ale aj ich vnímanie európskou 27-čkou. Záchranný systém eurozóny a jeho hlavné zložky. Schéma fungovania eurovalu. Permanentný Európsky stabilizačný mechanizmus (Euroval II). Euroval II a Slovensko. 
610 2 0 |a eurozóna 
610 2 0 |a fondy Európskej únie 
610 2 0 |a fondy finančné 
610 2 0 |a stabilizácia hospodárstva 
610 2 0 |a stabilizácia trhu 
610 2 0 |a Slovensko 
100 1 |a Danišová, Soňa, 1981-